[Event "TCh-ESP Div 1 2015"]
[Site "Linares ESP"]
[Date "2015.08.12"]
[Round "5.4"]
[Board "4"]
[White "Ramiro Ovejero, Juan Luis"]
[Black "Moreno Gracia, Daniel"]
[Result "1-0"]
[WhiteTitle "IM"]
[BlackTitle "FM"]
[WhiteElo "2343"]
[BlackElo "2337"]
[WhiteTeam "C.A. Jaime Casas"]
[BlackTeam "C.A. Stadium Casablanca"]
[WhiteFideId "2210436"]
[BlackFideId "2262266"]
[EventDate "2015.08.08"]

1. e4 c5 2. Nf3 g6 3. c3 d5 4. exd5 Qxd5 5. d4 Bg7 6. Be2 Nf6 7. O-O O-O 8. Be3
cxd4 9. Nxd4 a6 10. Na3 Qd8 11. Qb3 Nbd7 12. Rad1 Qc7 13. Qc4 Qb8 14. Nf3 b5 15.
Qh4 Bb7 16. Nc2 Qc7 17. Bf4 Qc5 18. Ne3 Rad8 19. Bh6 Qh5 20. Qxh5 Nxh5 21. Bxg7
Kxg7 22. g3 Nc5 23. Rd4 Rxd4 24. Nxd4 Na4 25. Bxh5 gxh5 26. Ndf5+ Kf6 27. Rd1
Nxb2 28. Rd7 Bc8 29. Rd5 Na4 30. Nd4 Nxc3 31. Rc5 e5 32. Rc6+ Kg7 33. Ndf5+ Kh8
34. Rxc3 Be6 35. a3 Rb8 36. Ne7 a5 37. Nc6 Rc8 38. Rc2 f5 39. Nxe5 Re8 40. Rb2
b4 41. axb4 a4 42. N5c4 Rc8 43. Rc2 Rb8 44. Rb2 Rc8 45. Na3 Rc3 46. b5 Rxa3 47.
b6 Rxe3 48. fxe3 a3 49. b7 1-0

[Event "TCh-ESP Div 1 2015"]
[Site "Linares ESP"]
[Date "2015.08.13"]
[Round "6.1"]
[Board "1"]
[White "Oliva Castaneda, Kevel"]
[Black "Baklan, Vladimir"]
[Result "1/2-1/2"]
[WhiteTitle "IM"]
[BlackTitle "GM"]
[WhiteElo "2488"]
[BlackElo "2608"]
[WhiteTeam "C.A. Silla-López Instalaciones"]
[BlackTeam "C.A. Jaime Casas"]
[WhiteFideId "3500799"]
[BlackFideId "14102196"]
[EventDate "2015.08.08"]

1. Nf3 Nf6 2. c4 e6 3. g3 b6 4. Bg2 Bb7 5. O-O Be7 6. Nc3 O-O 7. Re1 d5 8. cxd5
exd5 9. d4 Nbd7 10. Bf4 c5 11. Rc1 Ne4 12. dxc5 Ndxc5 13. a3 Ne6 14. Be5 Re8 15.
e3 Rc8 16. Ne2 Rxc1 17. Nxc1 Bf6 18. Bxf6 Qxf6 19. Re2 h6 20. Nb3 Ba6 21. Rc2
N6c5 22. Nbd4 Bc4 23. b4 Nb7 24. Qe1 Nbd6 25. Rc1 b5 26. Nd2 a6 27. Bxe4 dxe4
28. a4 h5 29. axb5 Bxb5 30. Rc5 g6 31. h4 Bd3 32. Qc1 Nb5 33. N2b3 Nxd4 34. Nxd4
Qe7 35. Qc3 Qd7 36. Kg2 Rd8 37. Nc6 Bf1+ 38. Kxf1 Qh3+ 39. Ke2 Qg4+ 40. Kf1 Rd1+
41. Qe1 Qh3+ 42. Ke2 Rxe1+ 43. Kxe1 Kf8 44. b5 Qh1+ 45. Ke2 Qa1 46. bxa6 Qxa6+
47. Ke1 Qa1+ 48. Ke2 Qa3 49. Ne5 Ke7 50. Rc7+ Ke6 51. Nc4 Qd3+ 52. Ke1 Qc3+ 53.
Kf1 f6 54. Kg2 g5 55. hxg5 fxg5 56. Rc5 h4 57. gxh4 gxh4 58. Re5+ Kf6 59. Rxe4
Kg5 60. Rf4 Kh5 61. Kh3 Qe1 62. Rxh4+ Kg5 63. Rg4+ Kh5 64. Rf4 Qh1+ 65. Kg3 Kg5
66. Ne5 Qg1+ 67. Kf3 Qa1 68. Ng4 Qh1+ 69. Kg3 Qg1+ 70. Kh3 Qh1+ 71. Nh2 Kg6 72.
e4 Qc1 73. Rg4+ Kf6 74. Kg2 Qc6 75. Nf3 Qa8 76. Kg3 Qb8+ 77. e5+ Kf7 78. Ng5+
Ke7 79. f4 Qb3+ 80. Kh4 Qd3 81. Rg3 Qc2 82. Kg4 Qe2+ 83. Nf3 Kf7 84. f5 Qe4+ 85.
Kg5 Qe3+ 86. Kh5 Qf4 87. e6+ Kf6 88. Rg6+ Kxf5 89. Nh4+ Qxh4+ 1/2-1/2

[Event "TCh-ESP Div 1 2015"]
[Site "Linares ESP"]
[Date "2015.08.13"]
[Round "6.1"]
[Board "2"]
[White "Forcen Esteban, Daniel"]
[Black "Granero Roca, Antonio"]
[Result "1/2-1/2"]
[WhiteTitle "IM"]
[BlackTitle "IM"]
[WhiteElo "2543"]
[BlackElo "2397"]
[WhiteTeam "C.A. Jaime Casas"]
[BlackTeam "C.A. Silla-López Instalaciones"]
[WhiteFideId "2288230"]
[BlackFideId "2210509"]
[EventDate "2015.08.08"]

1. d4 Nf6 2. Nf3 e6 3. e3 b6 4. Bd3 Bb7 5. O-O Be7 6. c4 O-O 7. Nc3 d5 8. b3 c5
9. Bb2 cxd4 10. exd4 Nc6 11. Rc1 Rc8 12. Re1 Qd6 13. cxd5 Nxd5 14. Nxd5 Qxd5 15.
Be4 Qa5 16. Rc4 Qh5 17. d5 exd5 18. Qxd5 Qxd5 19. Bxd5 Bf6 20. Bxf6 gxf6 21.
Rg4+ Kh8 22. Rf4 Kg7 23. Rg4+ Kh8 24. h3 Rcd8 25. Be4 h6 26. Rc1 Na5 27. b4 f5
28. Bxf5 Bxf3 29. gxf3 Nb7 30. Rh4 Kg7 31. Kh2 Rd2 32. Be4 Nd6 33. Rg1+ Kf6 34.
Rxh6+ Ke7 35. Re1 Kd7 36. Kg2 Rg8+ 37. Kf1 Rc8 38. Bb1 Rc4 39. b5 Rb4 40. Be4
Rxb5 41. Rc1 Rbb2 42. Bc6+ Ke7 43. Kg1 Rxf2 44. Re1+ Rfe2 45. Rxe2+ Rxe2 46. Bd5
Rd2 47. Rh5 a5 48. Kf1 f5 49. Rh7+ Kf6 50. Bg8 Ke5 51. Rd7 Kf4 52. Ke1 Rd4 53.
h4 Nb5 54. Rxd4+ Nxd4 55. Bd5 Nc2+ 56. Kd2 Nb4 57. Be6 b5 58. Kc3 Nc6 59. h5 Kg5
60. h6 Kxh6 61. Bxf5 Kg5 62. Be4 Nb4 63. a3 Na6 64. Kd4 Kf4 65. Bb7 Nc7 66. Kc5
b4 67. axb4 axb4 68. Kxb4 Ke5 1/2-1/2

[Event "TCh-ESP Div 1 2015"]
[Site "Linares ESP"]
[Date "2015.08.13"]
[Round "6.1"]
[Board "3"]
[White "Perdiguero Duenas, Jose"]
[Black "Antoli Royo, Joaquin Miguel"]
[Result "0-1"]
[BlackTitle "IM"]
[WhiteElo "2201"]
[BlackElo "2440"]
[WhiteTeam "C.A. Silla-López Instalaciones"]
[BlackTeam "C.A. Jaime Casas"]
[WhiteFideId "2216760"]
[BlackFideId "2259532"]
[EventDate "2015.08.08"]

1. d4 Nf6 2. c4 c5 3. e3 g6 4. Nc3 Bg7 5. Nf3 O-O 6. Be2 cxd4 7. Nxd4 a6 8. O-O
Qc7 9. e4 e6 10. Be3 d6 11. Qd2 Rd8 12. Rac1 b6 13. Bg5 Bb7 14. f3 Qe7 15. Rfd1
Qf8 16. Na4 Nbd7 17. Qe3 h6 18. Bh4 Rab8 19. b4 Rdc8 20. a3 Nh5 21. g4 Nhf6 22.
Bg3 Ne8 23. Nb3 Bf6 24. c5 bxc5 25. bxc5 Bg5 26. f4 Be7 27. Nb6 Nxb6 28. cxb6 d5
29. Bf2 Bxa3 30. Ra1 Nf6 31. Nd2 Bc5 32. Qb3 dxe4 33. Bxa6 Qd8 34. Bf1 Bf8 0-1

[Event "TCh-ESP Div 1 2015"]
[Site "Linares ESP"]
[Date "2015.08.13"]
[Round "6.1"]
[Board "4"]
[White "Rudolf, Anna"]
[Black "Aquino, Jose Rodolfo"]
[Result "1-0"]
[WhiteTitle "IM"]
[WhiteElo "2298"]
[BlackElo "2180"]
[WhiteTeam "C.A. Jaime Casas"]
[BlackTeam "C.A. Silla-López Instalaciones"]
[WhiteFideId "722855"]
[BlackFideId "2287048"]
[EventDate "2015.08.08"]

1. e4 d5 2. exd5 Qxd5 3. Nc3 Qa5 4. Bc4 Nf6 5. d3 Nc6 6. Bd2 Qb6 7. Nf3 a6 8.
Na4 Qa7 9. Be3 b6 10. h3 Bd7 11. Nc3 e6 12. O-O Na5 13. Ne5 Nxc4 14. dxc4 Rd8
15. Qe2 Be7 16. Rad1 O-O 17. Bg5 c5 18. Rd3 Qc7 19. Ne4 Qxe5 20. Nxf6+ Bxf6 21.
Qxe5 Bxe5 22. Bxd8 Rxd8 23. Rfd1 Bd4 24. c3 e5 25. cxd4 exd4 26. g4 Be6 27. Rc1
h5 28. gxh5 Bf5 29. Rf3 g6 30. hxg6 Bxg6 31. Rd1 Rd6 32. Kf1 Kf8 33. Rg3 Bf5 34.
Ke1 Bc2 35. Rc1 Bg6 36. Kd2 Rf6 37. Rf1 Ke7 38. f4 Be4 39. Re1 Rxf4 40. Rg4 Rf2+
41. Re2 Rxe2+ 42. Kxe2 Bb1 43. a3 Ba2 44. Kd3 Bb1+ 45. Kd2 Ba2 46. h4 Bxc4 47.
h5 Be6 48. Rg5 Kf6 49. h6 Kxg5 50. h7 b5 51. h8=Q Kf4 52. b4 1-0

[Event "TCh-ESP Div 1 2015"]
[Site "Linares ESP"]
[Date "2015.08.13"]
[Round "6.2"]
[Board "1"]
[White "Alshameary Puente, Ismael"]
[Black "Adla, Diego"]
[Result "1/2-1/2"]
[WhiteTitle "FM"]
[BlackTitle "IM"]
[WhiteElo "2370"]
[BlackElo "2437"]
[WhiteTeam "C.A. Alekhine-Espartinas"]
[BlackTeam "C.A. Stadium Casablanca"]
[WhiteFideId "2225166"]
[BlackFideId "100072"]
[EventDate "2015.08.08"]

1. d4 Nf6 2. c4 e6 3. Nc3 Bb4 4. f3 d5 5. a3 Bxc3+ 6. bxc3 c5 7. cxd5 exd5 8. e3
Qc7 9. Bd2 O-O 10. Bd3 b6 11. Ne2 Ba6 12. Qb1 Re8 13. O-O Bxd3 14. Qxd3 Nc6 15.
Ng3 Rad8 16. Rac1 Qd7 17. e4 dxe4 18. fxe4 Ne5 19. Qe2 cxd4 20. Rxf6 gxf6 21.
Nf5 dxc3 22. Bxc3 Kh8 23. Qh5 Rg8 24. Nh6 Rg6 25. Rf1 Re8 26. Bxe5 Rxe5 27.
Nxf7+ Qxf7 28. Qxe5 Rxg2+ 29. Kh1 Rg6 30. Qb8+ Rg8 31. Qd6 Re8 32. Rxf6 Qe7 33.
Kg1 Qxd6 1/2-1/2

[Event "TCh-ESP Div 1 2015"]
[Site "Linares ESP"]
[Date "2015.08.13"]
[Round "6.2"]
[Board "2"]
[White "Glavina, Pablo"]
[Black "Santos Ruiz, Miguel"]
[Result "0-1"]
[WhiteTitle "IM"]
[BlackTitle "FM"]
[WhiteElo "2387"]
[BlackElo "2341"]
[WhiteTeam "C.A. Stadium Casablanca"]
[BlackTeam "C.A. Alekhine-Espartinas"]
[WhiteFideId "100234"]
[BlackFideId "22291482"]
[EventDate "2015.08.08"]

1. Nf3 Nf6 2. c4 b6 3. g3 e6 4. Bg2 Bb7 5. d4 Be7 6. O-O O-O 7. d5 exd5 8. Nh4
c6 9. cxd5 Nxd5 10. Nf5 Nc7 11. e4 d5 12. Nc3 Bf6 13. exd5 cxd5 14. Bf4 Nba6 15.
Rc1 Bc8 16. Ne3 d4 17. Ncd5 dxe3 18. Nxc7 exf2+ 19. Rxf2 Qxd1+ 20. Rxd1 Nxc7 21.
Bxc7 Bg4 22. Rc1 Rae8 23. Bd6 Bd4 24. Bxf8 Re2 25. Rc4 Bxf2+ 26. Kf1 Kxf8 27.
Rxg4 Rxb2 28. Bd5 Be3 29. h4 h5 30. Re4 Rf2+ 31. Ke1 Bc5 32. a4 Rf5 33. Bc6 g6
34. Ke2 Kg7 35. g4 hxg4 36. Rxg4 Be7 37. Bf3 Re5+ 38. Kd3 Bc5 39. Kc4 f5 40. Rg2
Kf6 41. Bd5 Re3 42. Rh2 Re7 43. Kb5 a5 44. Kc4 Rh7 45. Bf3 Ke5 46. Bd5 Rc7 47.
Re2+ Be3+ 48. Kb5 Kxd5 49. Rxe3 Rc4 0-1

[Event "TCh-ESP Div 1 2015"]
[Site "Linares ESP"]
[Date "2015.08.13"]
[Round "6.2"]
[Board "3"]
[White "Gutierrez Valero, Mario"]
[Black "Quintin Navarro, Alberto"]
[Result "0-1"]
[BlackTitle "FM"]
[WhiteElo "2271"]
[BlackElo "2363"]
[WhiteTeam "C.A. Alekhine-Espartinas"]
[BlackTeam "C.A. Stadium Casablanca"]
[WhiteFideId "2243695"]
[BlackFideId "2292688"]
[EventDate "2015.08.08"]

1. d4 Nf6 2. c4 g6 3. Nc3 Bg7 4. e4 d6 5. Be2 O-O 6. h4 Nc6 7. d5 Ne5 8. Bf4 e6
9. Qd2 exd5 10. cxd5 Re8 11. Bh6 Bh8 12. h5 c6 13. hxg6 hxg6 14. Bg5 Bg7 15. Bh6
Bh8 16. Bg5 Bg7 17. Qf4 cxd5 18. Qh4 dxe4 19. O-O-O Bf5 20. Kb1 Rc8 21. Nd5 Nxd5
22. Bxd8 e3+ 23. Ka1 Rexd8 24. Nf3 Nc3 25. Nxe5 Nxd1 26. Rxd1 Bxe5 27. fxe3 Rd7
28. e4 Rdc7 29. a4 Be6 30. Bd3 Rc1+ 31. Rxc1 Rxc1+ 32. Bb1 Rc3 33. Ba2 Ra3 0-1

[Event "TCh-ESP Div 1 2015"]
[Site "Linares ESP"]
[Date "2015.08.13"]
[Round "6.2"]
[Board "4"]
[White "Moreno Gracia, Daniel"]
[Black "Perez Garcia, Roberto"]
[Result "1-0"]
[WhiteTitle "FM"]
[WhiteElo "2337"]
[BlackElo "2128"]
[WhiteTeam "C.A. Stadium Casablanca"]
[BlackTeam "C.A. Alekhine-Espartinas"]
[WhiteFideId "2262266"]
[BlackFideId "2217708"]
[EventDate "2015.08.08"]

1. Nf3 Nf6 2. b3 g6 3. Bb2 Bg7 4. g3 d5 5. c4 c6 6. Bg2 O-O 7. O-O Bg4 8. d3
Bxf3 9. Bxf3 e6 10. Nd2 a5 11. Qc2 Na6 12. a3 a4 13. b4 Nc7 14. e4 d4 15. c5 Nd7
16. Bg2 Nb5 17. Nc4 e5 18. Rae1 b6 19. cxb6 Nxb6 20. Na5 Rc8 21. f4 exf4 22.
gxf4 Nc3 23. Nb7 Qe7 24. Nc5 Nd7 25. Nxa4 c5 26. bxc5 Nxa4 27. Qxa4 Nxc5 28. Qd1
Qa7 29. e5 Na4 30. Bc1 Rc3 31. f5 Rfc8 32. Bg5 gxf5 33. Rxf5 Nc5 34. Bf6 Ne6 35.
Qg4 Qxa3 36. Bxg7 Nxg7 37. Bd5 Rc1 38. Ref1 Rxf1+ 39. Rxf1 Qa1 40. Rxa1 Ra8 41.
Qd1 1-0

[Event "TCh-ESP Div 1 2015"]
[Site "Linares ESP"]
[Date "2015.08.13"]
[Round "6.3"]
[Board "1"]
[White "Montoliu Cervero, Francisco"]
[Black "Pena Gomez, Manuel"]
[Result "0-1"]
[WhiteTitle "FM"]
[BlackTitle "IM"]
[WhiteElo "2338"]
[BlackElo "2462"]
[WhiteTeam "C.A. Eva-Manises"]
[BlackTeam "C.A. Universidad de Vigo"]
[WhiteFideId "2214814"]
[BlackFideId "2252813"]
[EventDate "2015.08.08"]

1. e4 c5 2. Nf3 e6 3. d4 cxd4 4. Nxd4 Nf6 5. Nc3 Bb4 6. e5 Nd5 7. Bd2 Nxc3 8.
bxc3 Be7 9. Qg4 O-O 10. Bh6 g6 11. h4 Qa5 12. Qg3 d6 13. f4 dxe5 14. fxe5 Nd7
15. Bf4 Ba3 16. Nb3 Qc7 17. Rd1 Bb2 18. Rd3 f6 19. Re3 Rf7 20. Be2 fxe5 21. Bh6
Nf8 22. h5 e4 23. Bxf8 Qxg3+ 24. Rxg3 Kxf8 25. hxg6 hxg6 26. Nc5 Ke7 27. Rh8 b6
28. Nxe4 Bb7 29. Rxa8 Bxa8 30. Bd3 Rf4 31. Nd2 Bxc3 32. Rxg6 Be4 33. Rg3 Bxd2+
34. Kxd2 Rf2+ 35. Ke3 Rxg2 36. Rxg2 Bxg2 37. c3 Kd6 38. Kd4 e5+ 39. Ke3 Kc5 40.
a3 Bd5 41. Kd2 Bc4 42. Bc2 Bf1 43. Bb3 Bg2 44. Ba2 Bd5 45. Bb1 Kb5 46. Bc2 Kc4
47. Bd1 a5 48. Bc2 Bf3 49. a4 e4 50. Bb1 Kb3 51. Bc2+ Kb2 52. c4 e3+ 0-1

[Event "TCh-ESP Div 1 2015"]
[Site "Linares ESP"]
[Date "2015.08.13"]
[Round "6.3"]
[Board "2"]
[White "Paramos Dominguez, Roberto"]
[Black "Silva Rodriguez, Julio"]
[Result "1-0"]
[WhiteTitle "IM"]
[WhiteElo "2398"]
[BlackElo "2235"]
[WhiteTeam "C.A. Universidad de Vigo"]
[BlackTeam "C.A. Eva-Manises"]
[WhiteFideId "2202565"]
[BlackFideId "2215284"]
[EventDate "2015.08.08"]

1. d4 e6 2. c4 Nf6 3. Nc3 Bb4 4. e3 O-O 5. Ne2 Re8 6. a3 Bf8 7. d5 exd5 8. cxd5
c5 9. Ng3 d6 10. Be2 g6 11. e4 Bg7 12. O-O b6 13. Bg5 h6 14. Be3 Ba6 15. Bxa6
Nxa6 16. f3 Nc7 17. Qd2 h5 18. b4 Nd7 19. Rac1 Ne5 20. Nd1 Qd7 21. h3 Qb5 22.
Nb2 Qa6 23. a4 Rac8 24. f4 Nd7 25. b5 Qa5 26. Qxa5 bxa5 27. Nc4 Bf8 28. f5 h4
29. fxg6 fxg6 30. Nh1 Nb6 31. Rxf8+ Rxf8 32. Nxd6 Rcd8 33. Bxc5 Nxa4 34. Ba3 Rd7
35. Nf2 Rfd8 36. Ng4 Nxd5 37. exd5 Rxd6 38. Rc7 Kh8 39. Rxa7 R8d7 40. Rxa5 Rxd5
41. Rxa4 Rxb5 42. Ra8+ Kg7 43. Kh2 g5 44. Bf8+ Kf7 45. Bh6 Rd1 46. Ra7+ Ke6 47.
Ra6+ Kd7 48. Nf2 Rf1 49. Ra2 Ke8 50. Bg7 Kf7 51. Bd4 Kg6 52. Ra6+ Kf7 53. Ra2
Kg6 54. g4 hxg3+ 55. Kxg3 Rb3+ 56. Kg2 Rc1 57. Ra6+ Kh7 58. Ra7+ Kh6 59. Ng4+
Kg6 60. Ra6+ Kf5 61. Nf2 g4 62. h4 Rg1+ 63. Kxg1 Kf4 64. Kg2 Rg3+ 65. Kh2 1-0

[Event "TCh-ESP Div 1 2015"]
[Site "Linares ESP"]
[Date "2015.08.13"]
[Round "6.3"]
[Board "3"]
[White "Ballester Llagaria, Luis Eduardo"]
[Black "Garcia Castro, Pablo"]
[Result "1-0"]
[BlackTitle "IM"]
[WhiteElo "2258"]
[BlackElo "2375"]
[WhiteTeam "C.A. Eva-Manises"]
[BlackTeam "C.A. Universidad de Vigo"]
[WhiteFideId "2297620"]
[BlackFideId "2209365"]
[EventDate "2015.08.08"]

1. e4 c5 2. d4 cxd4 3. c3 d5 4. exd5 Qxd5 5. cxd4 Nf6 6. Nf3 e6 7. Nc3 Qd8 8.
Bd3 Be7 9. O-O O-O 10. Bg5 Nc6 11. a3 g6 12. Bc4 Bd7 13. Re1 Rc8 14. Qd3 Re8 15.
Rad1 Nd5 16. Ne4 f6 17. Bh6 Na5 18. Ba2 Ba4 19. b3 Bd7 20. b4 Nc6 21. Nc5 Bxc5
22. dxc5 Nce7 23. Nd4 e5 24. Ne2 Be6 25. Nc3 Nf5 26. Bxd5 Bxd5 27. Qxd5+ 1-0

[Event "TCh-ESP Div 1 2015"]
[Site "Linares ESP"]
[Date "2015.08.13"]
[Round "6.3"]
[Board "4"]
[White "Senlle Caride, Miguel"]
[Black "Nieves Cabanes, Javier"]
[Result "1-0"]
[WhiteTitle "FM"]
[WhiteElo "2320"]
[BlackElo "2152"]
[WhiteTeam "C.A. Universidad de Vigo"]
[BlackTeam "C.A. Eva-Manises"]
[WhiteFideId "2282500"]
[BlackFideId "22245707"]
[EventDate "2015.08.08"]

1. Nf3 Nf6 2. g3 b5 3. Bg2 Bb7 4. d4 e6 5. O-O c5 6. Na3 Qb6 7. c4 b4 8. Nc2 Na6
9. b3 Be7 10. a3 cxd4 11. Ncxd4 O-O 12. Nb5 d5 13. Be3 Bc5 14. Bxc5 Qxc5 15. Ne1
Rfd8 16. Nd3 Qb6 17. Qe1 dxc4 18. Bxb7 Qxb7 19. bxc4 bxa3 20. Qa5 Ne4 21. Qxa3
Nb8 22. Rfb1 Qc6 23. Ne5 Qb7 24. Nd6 Qc7 25. Ndxf7 Nd7 26. Nxd8 Nxe5 27. Qf8+
Kxf8 28. Nxe6+ Ke7 29. Nxc7 Rf8 30. f3 Nc3 31. Nd5+ 1-0

[Event "TCh-ESP Div 1 2015"]
[Site "Linares ESP"]
[Date "2015.08.13"]
[Round "6.4"]
[Board "1"]
[White "Vassallo Barroche, Mauricio"]
[Black "Iturrizaga Bonelli, Eduardo"]
[Result "0-1"]
[WhiteTitle "IM"]
[BlackTitle "GM"]
[WhiteElo "2430"]
[BlackElo "2625"]
[WhiteTeam "C.E. Barberá"]
[BlackTeam "Equigoma-Casa Social Católica"]
[WhiteFideId "101648"]
[BlackFideId "3901211"]
[EventDate "2015.08.08"]

1. d4 Nf6 2. Nf3 b6 3. g3 Bb7 4. Bg2 c5 5. c4 cxd4 6. Qxd4 Nc6 7. Qd1 g6 8. b3
Bg7 9. Bb2 O-O 10. O-O e6 11. Nc3 d5 12. cxd5 Nxd5 13. Rc1 Rc8 14. Ba1 Nxc3 15.
Bxc3 Bxc3 16. Rxc3 Ba6 17. Rc2 Qf6 18. Qa1 Qxa1 19. Rxa1 Nb4 20. Rb2 Rfd8 21. h4
Rc3 22. Kh2 Kg7 23. Ne1 h6 24. a3 Nc6 25. b4 Nd4 26. e3 Nb3 27. Rab1 Bc4 28. Nf3
Kf6 29. Bf1 b5 30. Kg1 e5 31. Bg2 Be6 32. Ne1 Ke7 33. Bf1 Bc4 34. Rc2 Rxc2 35.
Nxc2 Nd2 0-1

[Event "TCh-ESP Div 1 2015"]
[Site "Linares ESP"]
[Date "2015.08.13"]
[Round "6.4"]
[Board "2"]
[White "Arizmendi Martinez, Julen Luis"]
[Black "Alonso Moyano, Jonathan"]
[Result "0-1"]
[WhiteTitle "GM"]
[BlackTitle "IM"]
[WhiteElo "2529"]
[BlackElo "2406"]
[WhiteTeam "Equigoma-Casa Social Católica"]
[BlackTeam "C.E. Barberá"]
[WhiteFideId "2205092"]
[BlackFideId "2216019"]
[EventDate "2015.08.08"]

1. d4 f5 2. Nf3 Nf6 3. g3 g6 4. Bg2 Bg7 5. O-O O-O 6. b3 d6 7. Bb2 Ne4 8. Nbd2
Nc6 9. Ne1 d5 10. Ndf3 Be6 11. Nd3 a5 12. a4 g5 13. e3 Qe8 14. Nd2 Rd8 15. f3
Nf6 16. f4 h6 17. c4 Nb4 18. Nxb4 axb4 19. c5 b6 20. Qc2 Ne4 21. Nf3 gxf4 22.
gxf4 bxc5 23. dxc5 Bxb2 24. Qxb2 Nxc5 25. Nd4 Qf7 26. Kh1 Kh7 27. Qc2 Na6 28.
Nc6 Rd6 29. Rac1 Bd7 30. Ne5 Qf6 31. Rfd1 Be6 32. Nc6 Rg8 33. Bf3 Bc8 34. Rxd5
Rg6 35. Ne5 Bb7 36. Nxg6 Rxd5 37. Ne5 Rc5 38. Bxb7 Rxc2 39. Rxc2 Qd6 40. Bxa6
Qf6 0-1

[Event "TCh-ESP Div 1 2015"]
[Site "Linares ESP"]
[Date "2015.08.13"]
[Round "6.4"]
[Board "3"]
[White "Perez Manas, Benjamin"]
[Black "Castellanos Rodriguez, Renier"]
[Result "0-1"]
[WhiteTitle "FM"]
[BlackTitle "IM"]
[WhiteElo "2321"]
[BlackElo "2468"]
[WhiteTeam "C.E. Barberá"]
[BlackTeam "Equigoma-Casa Social Católica"]
[WhiteFideId "22200169"]
[BlackFideId "3404650"]
[EventDate "2015.08.08"]

1. e4 c5 2. Nf3 e6 3. d4 cxd4 4. Nxd4 Nf6 5. Nc3 d6 6. Be3 a6 7. h3 b5 8. a3 Bb7
9. Bd3 Nbd7 10. f4 Rc8 11. O-O Be7 12. Qe1 Nc5 13. Bf2 O-O 14. b4 Nxd3 15. cxd3
Nd7 16. Nb3 g6 17. Rc1 Bf6 18. Qd2 Bg7 19. Ne2 Nf6 20. Rxc8 Qxc8 21. Rc1 Qd7 22.
Bb6 Rc8 23. Rxc8+ Qxc8 24. Bd4 e5 25. fxe5 dxe5 26. Bxe5 Nxe4 27. Qb2 Qf5 28.
dxe4 Qxe4 0-1

[Event "TCh-ESP Div 1 2015"]
[Site "Linares ESP"]
[Date "2015.08.13"]
[Round "6.4"]
[Board "4"]
[White "Corral Blanco, Juan Antonio"]
[Black "Martinez Ramirez, Erik"]
[Result "1/2-1/2"]
[WhiteTitle "FM"]
[BlackTitle "FM"]
[WhiteElo "2432"]
[BlackElo "2311"]
[WhiteTeam "Equigoma-Casa Social Católica"]
[BlackTeam "C.E. Barberá"]
[WhiteFideId "2200368"]
[BlackFideId "22202366"]
[EventDate "2015.08.08"]

1. Nf3 Nf6 2. c4 g6 3. Nc3 d5 4. Qa4+ c6 5. cxd5 Nxd5 6. Qd4 Nf6 7. Qxd8+ Kxd8
8. e4 Nbd7 9. d4 Nb6 10. h3 Bg7 11. Bf4 h6 12. O-O-O Be6 13. Be5 Rc8 14. b3 Ke8
15. g4 Kf8 16. Bg2 Nfd7 17. Bxg7+ Kxg7 18. Kb2 Nf6 19. Ne5 Rhd8 20. f4 Rc7 21.
Rd3 Nfd7 22. Nxd7 Rcxd7 23. Rhd1 f6 24. f5 Bf7 25. Kc2 Kf8 26. Bf3 a5 27. Ne2 g5
28. Nc3 Ra8 29. Kb2 Rad8 30. Be2 Bg8 31. Bf1 Bf7 32. Be2 Bg8 33. Bf1 Bf7 1/2-1/2

[Event "TCh-ESP Div 1 2015"]
[Site "Linares ESP"]
[Date "2015.08.14"]
[Round "7.1"]
[Board "1"]
[White "Iturrizaga Bonelli, Eduardo"]
[Black "Oliva Castaneda, Kevel"]
[Result "1-0"]
[WhiteTitle "GM"]
[BlackTitle "IM"]
[WhiteElo "2625"]
[BlackElo "2488"]
[WhiteTeam "Equigoma-Casa Social Católica"]
[BlackTeam "C.A. Silla-López Instalaciones"]
[WhiteFideId "3901211"]
[BlackFideId "3500799"]
[EventDate "2015.08.08"]

1. d4 Nf6 2. c4 g6 3. Nc3 d5 4. e3 Bg7 5. Qb3 c6 6. Nf3 O-O 7. Bd2 Qb6 8. Qa3
Re8 9. Be2 Bg4 10. cxd5 cxd5 11. h3 Bxf3 12. Bxf3 e6 13. Na4 Qc7 14. O-O Nc6 15.
Rfc1 Rec8 16. Rc2 Ne8 17. Rac1 Nd6 18. Be2 Bf8 19. Qb3 Rab8 20. Be1 Qd8 21. Nc5
Qe8 22. a3 b5 23. Qa2 a5 24. b3 Be7 25. Nd3 Nf5 26. g4 Nd6 27. Ne5 Nxe5 28. dxe5
Nb7 29. Rxc8 Rxc8 30. Bxb5 Qd8 31. Rxc8 Qxc8 32. b4 axb4 33. axb4 Qc7 34. Qa1
Nd8 35. Qc3 Qb6 36. Be2 Kg7 37. b5 Bc5 38. Qa5 Qb8 39. Bc3 Bb6 40. Qa3 Nb7 41.
Bd4 Na5 42. Qb4 Qc7 43. Qc3 Qxc3 44. Bxc3 Kf8 45. Bb4+ Ke8 46. Kg2 Kd7 47. Kg3
Ke8 48. Bd3 Nb7 49. Bc2 Bc7 50. f4 Bb6 51. Kf3 Nc5 52. h4 Kf8 53. Bc3 Nd7 54.
Ke2 Nc5 55. Bd4 Ke8 56. h5 Kf8 57. Kd2 Ba5+ 58. Kc1 Nd7 59. Kb2 Kg7 60. Kb3 gxh5
61. gxh5 Kh6 62. Ka4 Bd8 63. Bd1 Bc7 64. Bf3 Bd8 65. Kb3 Bc7 66. Kc2 Bd8 67. Kd3
Bc7 68. Bg4 Kg7 69. e4 dxe4+ 70. Kxe4 f5+ 71. Bxf5 exf5+ 72. Kxf5 Bb6 73. Bxb6
Nxb6 74. Ke6 Kh6 75. Kf7 Kxh5 76. e6 Nc8 77. e7 Kg4 78. b6 1-0

[Event "TCh-ESP Div 1 2015"]
[Site "Linares ESP"]
[Date "2015.08.14"]
[Round "7.1"]
[Board "2"]
[White "Granero Roca, Antonio"]
[Black "Arizmendi Martinez, Julen Luis"]
[Result "1/2-1/2"]
[WhiteTitle "IM"]
[BlackTitle "GM"]
[WhiteElo "2397"]
[BlackElo "2529"]
[WhiteTeam "C.A. Silla-López Instalaciones"]
[BlackTeam "Equigoma-Casa Social Católica"]
[WhiteFideId "2210509"]
[BlackFideId "2205092"]
[EventDate "2015.08.08"]

1. d4 d6 2. c4 e5 3. Nc3 exd4 4. Qxd4 Nc6 5. Qd2 Nf6 6. Nf3 g6 7. b3 Bg7 8. Bb2
O-O 9. e3 Bf5 10. Be2 Ne4 11. Nxe4 Bxe4 12. O-O Re8 13. Rfd1 a5 14. a3 Qe7 15.
h3 Bxb2 16. Qxb2 Ne5 17. Nxe5 dxe5 18. Rd2 Rad8 19. Rad1 Rxd2 20. Rxd2 c5 21.
Qc3 b6 22. Qa1 Qb7 23. Bf1 Bc6 24. Qd1 Kg7 25. Rd8 Qc7 26. Rxe8 Bxe8 27. Be2 Bc6
28. a4 Qd7 29. Qxd7 Bxd7 30. Bd3 f5 31. f4 Kf6 32. Kf2 g5 33. g3 h6 34. Be2 Bc6 1/2-1/2